Fundamentos básicos y guía en la construcción de carreteras : (Record no. 116159)

MARC details
000 -LEADER
campo de control de longitud fija 00833 a2200253 4500
003 - IDENTIFICADOR DE NÚMERO DE CONTROL
campo de control BJBSDDR
005 - FECHA Y HORA DE LA ÚLTIMA TRANSACCIÓN
campo de control 20230411090753.0
007 - CAMPO FIJO DE DESCRIPCIÓN FÍSICA--INFORMACIÓN GENERAL
campo de control de longitud fija ta
008 - DATOS DE LONGITUD FIJA--INFORMACIÓN GENERAL
campo de control de longitud fija 220412s2016 dr ||||| |||| 00| 0 spa d
020 ## - NÚMERO INTERNACIONAL ESTÁNDAR DEL LIBRO
Número Internacional Estándar del Libro 9789945409369
020 ## - NÚMERO INTERNACIONAL ESTÁNDAR DEL LIBRO
Número Internacional Estándar del Libro 9945409360
040 ## - FUENTE DE CATALOGACIÓN
Lengua de catalogación spa
Centro/agencia transcriptor BJBSDDR
041 ## - CÓDIGO DE IDIOMA
Código de lengua del texto/banda sonora o título independiente spa
050 14 - SIGNATURA TOPOGRÁFICA DE LA BIBLIOTECA DEL CONGRESO
Número de clasificación 118 TE 145
Número de ítem E77f 2016
100 1# - ENTRADA PRINCIPAL--NOMBRE DE PERSONA
Nombre de persona Espinosa Feliz, José
245 10 - MENCIÓN DEL TÍTULO
Título Fundamentos básicos y guía en la construcción de carreteras :
Resto del título conceptos prácticos procedimientos constructivos /
Mención de responsabilidad, etc. Jos Ěspinosa Feliz
260 ## - PUBLICACIÓN, DISTRIBUCIÓN, ETC.
Lugar de publicación, distribución, etc. Santo Domingo, República Dominicana. :
Nombre del editor, distribuidor, etc. Impresora Conadex,
Fecha de publicación, distribución, etc. 2016
300 ## - DESCRIPCIÓN FÍSICA
Extensión 370 p. :
Otras características físicas ill. ;
Dimensiones 23 cm
650 #4 - PUNTO DE ACCESO ADICIONAL DE MATERIA--TÉRMINO DE MATERIA
9 (RLIN) 22194
Término de materia o nombre geográfico como elemento de entrada Construcción de carreteras
Subdivisión de forma Guías
650 #4 - PUNTO DE ACCESO ADICIONAL DE MATERIA--TÉRMINO DE MATERIA
9 (RLIN) 22195
Término de materia o nombre geográfico como elemento de entrada Ingeniería de carreteras
650 #4 - PUNTO DE ACCESO ADICIONAL DE MATERIA--TÉRMINO DE MATERIA
9 (RLIN) 17720
Término de materia o nombre geográfico como elemento de entrada Ingeniería civil
942 ## - ELEMENTOS DE ENTRADA SECUNDARIOS (KOHA)
Fuente del sistema de clasificación o colocación Clasificación de Library of Congress
Tipo de ítem Koha Libro
946 ## - PROCESAMIENTO DE INFORMACIÓN LOCAL (OCLC)
Iniciales del agente catalogador rmza
Holdings
Estatus retirado Estado de pérdida Estado de daño No para préstamo Colección Biblioteca de origen Biblioteca actual Ubicación en estantería Fecha de adquisición Signatura topográfica completa Código de barras Visto por última vez Copia número Tipo de ítem Koha
        Recursos Regionales Biblioteca Juan Bosch Biblioteca Juan Bosch Recursos Regionales (2do. Piso) 12/04/2022 118 TE 145 E77f 2016 00000164813 12/04/2022 1 Libro